00308pab a2200121 454500008004000000100001800040245003600058260000900094300001200103362000900115650001500124773004700139180718b1989 xxu||||| |||| 00| 0 eng d aWoclf, Stuart aStatistics and the modern state c1989 a588-604 aJul. aStatistics aComparative Studies in Society and History